Normal view
MARC view
Entry Personal Name
001 - CONTROL NUMBER
- control field: 396401
003 - CONTROL NUMBER IDENTIFIER
- control field: OSt
005 - DATE AND TIME OF LATEST TRANSACTION
- control field: 20220928102054.0
008 - FIXED-LENGTH DATA ELEMENTS
- fixed length control field: 220928|| aca||aabn | a|a d
040 ## - CATALOGING SOURCE
- Original cataloging agency: OSt
- Transcribing agency: OSt
100 ## - HEADING--PERSONAL NAME
- Personal name: India, Industrial Licensing Policy Inquiry (Committe)
670 ## - SOURCE DATA FOUND
- Source citation: Work cat.: (OSt)712128: India, Industrial Licensing Policy Inquiry (Committe), Main Report plus appendices in 4V., 1969
